[Event "Michigan Class C"]
[Site "Auburn Hills"]
[Date "2005.01.15"]
[Round "2.8"]
[White "Motley, Gerald"]
[Black "Schwiebert, Loren"]
[Result "0-1"]
[WhiteElo "1477"]
[BlackElo "1426"]
[PlyCount "74"]
[EventDate "2005.01.15"]
[EventType "swiss"]
[EventRounds "5"]
[EventCountry "USA"]
[SourceTitle "EXT 2006"]
[Source "ChessBase"]
[SourceDate "2005.11.24"]
[SourceVersion "1"]
[SourceVersionDate "2005.11.24"]
[SourceQuality "1"]

1. c4 e5 2. a3 Nf6 3. Nc3 c6 4. g3 d5 5. cxd5 cxd5 6. e3 Nc6 7. Bg2 e4 8. Nge2 Bg4 9. d3 d4 10. exd4 Nxd4 11. Qa4+ Nc6 12. Bxe4 Nxe4 13. Qxe4+ Be6 14. 0-0 Qd7 15. d4 0-0-0 16. Be3 Bf5 17. Qh1 a6 18. Rac1 Kb8 19. Rfd1 Be7 20. d5 Na5 21. Nd4 Nc4 22. Bf4+ Bd6 23. Qf3 Bg4 24. Bxd6+ Nxd6 25. Qf4 Bxd1 26. Rxd1 g6 27. Ne4 Ka8 28. Nc5 Qe7 29. b4 Rhe8 30. Rd2 Rc8 31. Re2 Qc7 32. Rc2 Nb5 33. Qf6 Nxd4 34. Qxd4 b6 35. d6 bxc5 36. bxc5 Qb7 37. h4 Re1+ 0-1

[Event "Michigan Class C"]
[Site "Auburn Hills"]
[Date "2005.01.15"]
[Round "3.7"]
[White "Sawmiller, Tim"]
[Black "Schwiebert, Loren"]
[Result "0-1"]
[WhiteElo "1548"]
[BlackElo "1426"]
[PlyCount "84"]
[EventDate "2005.01.15"]
[EventType "swiss"]
[EventRounds "5"]
[EventCountry "USA"]
[SourceTitle "EXT 2006"]
[Source "ChessBase"]
[SourceDate "2005.11.24"]
[SourceVersion "1"]
[SourceVersionDate "2005.11.24"]
[SourceQuality "1"]

1. d4 Nf6 2. Nf3 e6 3. e3 b6 4. Bd3 Bb7 5. Nbd2 Be7 6. 0-0 0-0 7. c4 d5 8. b3 c5 9. Qc2 Nc6 10. Bb2 Nb4 11. Qb1 Nxd3 12. Qxd3 Ne4 13. Ne1 cxd4 14. Nxe4 dxe4 15. Qxd4 Qxd4 16. Bxd4 Rfd8 17. Nc2 Rac8 18. Rac1 Ba6 19. Rfd1 Rd7 20. Bb2 Rcd8 21. Rxd7 Rxd7 22. Bc3 b5 23. cxb5 Bxb5 24. Nd4 Ba3 25. Re1 Bd3 26. f3 Rc7 27. Ba1 e5 28. fxe4 exd4 29. exd4 Rc1 30. Rxc1 Bxc1 31. e5 Be3+ 32. Kh1 Kf8 33. Bb2 Ke7 34. h3 Ke6 35. Kh2 Kd5 36. Kg3 Bxd4 37. Bxd4 Kxd4 38. Kf4 Bf1 39. g3 Bxh3 40. a4 Be6 41. b4 Kc4 42. b5 Kb4 0-1